00450nam a2200193Ia 4500008004100000020001800041050001400059100002200073245001400095245002200109260001500131260002200146260000900168300001500177300002700192300001000219440001900229500000800248170918s9999 xx 000 0 und d a9780516221274 bD734 2003 aDouglas, Lloyd G. aMy eyes / cLloyd G. Douglas. aNew York : bChildren's Press, c2003 a24 pages : bcolored illustration ; c19cm. aWelcome books. a200